00377 a2200145 4500003000400000005001700004008004100021020001800062040000900080082001800089100002500107245005600132260003300188300001000221OSt20231214154044.0231207b |||||||| |||| 00| 0 eng d a9789354329104 coclc a954.83bBIJ/K1 aBijuraj, R.K.d1977- aKeralathinte Raashtreeya Charithram /cR.K. Bijuraj aKottayam:bD C Books,c2022. a992p.